|
|
|
|
| LEADER |
03239nam a22004093i 4500 |
| 001 |
EBC5493946 |
| 003 |
MiAaPQ |
| 005 |
20231204023214.0 |
| 006 |
m o d | |
| 007 |
cr cnu|||||||| |
| 008 |
231204s2016 xx o ||||0 eng d |
| 020 |
|
|
|a 9783110473858
|q (electronic bk.)
|
| 020 |
|
|
|z 9783110473841
|
| 035 |
|
|
|a (MiAaPQ)EBC5493946
|
| 035 |
|
|
|a (Au-PeEL)EBL5493946
|
| 035 |
|
|
|a (OCoLC)1049913844
|
| 040 |
|
|
|a MiAaPQ
|b eng
|e rda
|e pn
|c MiAaPQ
|d MiAaPQ
|
| 050 |
|
4 |
|a HM742
|
| 082 |
0 |
|
|a 302.30285
|
| 100 |
1 |
|
|a Riva, Giuseppe.
|
| 245 |
1 |
4 |
|a The Psychology of Social Networking Vol. 2 :
|b Identity and Relationships in Online Communities.
|
| 250 |
|
|
|a 1st ed.
|
| 264 |
|
1 |
|a Warschau/Berlin :
|b Walter de Gruyter GmbH,
|c 2016.
|
| 264 |
|
4 |
|c Ã2019.
|
| 300 |
|
|
|a 1 online resource (246 pages)
|
| 336 |
|
|
|a text
|b txt
|2 rdacontent
|
| 337 |
|
|
|a computer
|b c
|2 rdamedia
|
| 338 |
|
|
|a online resource
|b cr
|2 rdacarrier
|
| 505 |
0 |
|
|a Intro -- Introduction -- 1 A Collective Picture of What MakesPeople Happy: Words Representing SocialRelationships, not Money, are Recurrent withthe Word 'Happiness' in Online Newspapers -- 2 The Online Calming Effect: Does the InternetProvide a More Comfortable Modality forConducting Psychotherapy? -- 3 Feeling Anxious without It: Characteristicsof People Prone to Facebook Addiction -- 4 What Determinants Matter When UsersEngage in Particular Collaborative StorytellingWebsites? Exploring Attractive GamificationFeatures and Design Guidelines -- 5 Assessment Of Risk Behaviors RelatedTo Substance Use, Bullying and Alterationsin Body Image in Adolescents Through a 3DSimulation Program -- 6 Play With My Team- Modeling OnlineGame Players' Teamwork Model in MassivelyMultiplier Online Role Playing Games(MMORPGs) -- 7 Virtual Environments With Chroma-KeyingVideo Capture In Psychological Therapy -- 8 Sharing personal experiences and offeringadvice within online health-based socialnetworks -- 9 The Digital Rage: How Anger is ExpressedOnline -- 10 College Students' Use of CommunicationTechnology with Parents: Influences ofDistance, Gender, and Social Presence -- 11 Internet addiction: an cross-culturalperspective -- 12 My pixels or my friends? Game charactersas a lens for understanding user avatars insocial networks -- 13 Problem Mobile Phone Use in Spanish andBritish Adolescents: First steps towards across-cultural research in Europe -- 14 Generalized Problematic Internet Use Scale2: update on the psychometric propertiesamong Italian young adults. -- 15 Smartphone for social networking:methodological aspects.
|
| 588 |
|
|
|a Description based on publisher supplied metadata and other sources.
|
| 590 |
|
|
|a Electronic reproduction. Ann Arbor, Michigan : ProQuest Ebook Central, 2023. Available via World Wide Web. Access may be limited to ProQuest Ebook Central affiliated libraries.
|
| 655 |
|
4 |
|a Electronic books.
|
| 700 |
1 |
|
|a Wiederhold, Brenda K.
|
| 700 |
1 |
|
|a Cipresso, Pietro.
|
| 776 |
0 |
8 |
|i Print version:
|a Riva, Giuseppe
|t The Psychology of Social Networking Vol. 2
|d Warschau/Berlin : Walter de Gruyter GmbH,c2016
|z 9783110473841
|
| 797 |
2 |
|
|a ProQuest (Firm)
|
| 856 |
4 |
0 |
|u https://ebookcentral.proquest.com/lib/matrademy/detail.action?docID=5493946
|z Click to View
|